000 01279nam a22002177a 4500
999 _c57075
_d57075
003 Ge_BSU
005 20191111172956.0
008 191111s2018 ||||| |||| 00| 0 geo d
020 _a19875274
041 _ageo
080 _a39(479.223) ს-24
245 _aსამხრეთ - დასავლეთ საქართველოს ეთნოლოგიის პრობლემები VI :
_bკრებული /
_cრედ. ნოდარ კახიძე.
264 _aბათუმი :
_bბათუმის შოთა რუსთაველის სახელმწიფო უნივერსიტეტი,
_c2018.
300 _a247 გვ.:
_bილ . ;
_c20 სმ.
546 _aპარალელური სათაური ქართულ და ინგლისურ ენებზე
653 _aეთნოლოგია
653 _aეთნოგრაფია
700 _aკახიძე, ნოდარ
_eრედაქტორი
_95294
710 _eბათუმის შოთა რუსთაველის სახელმწიფო უნ-ტი, ნოკო ბერძენიშვისლის ინსტიტუტი
_95295
942 _2udc
_cBK